| 000 | 00634nam a2200205 a 4500 | ||
|---|---|---|---|
| 005 | 20210219145848.0 | ||
| 008 | 991125s1977 mx 000 0 spa u | ||
| 020 | _a9233014282 | ||
| 035 | _aUPN01000002442 | ||
| 049 | _aCG | ||
| 050 | 4 |
_aML3549 _bA4.5 |
|
| 245 | 0 | 0 |
_aAmérica Latina en su música / _crelatora Isabel Aretz. |
| 260 |
_aMéxico ; _aParís : _bSiglo XXI ; _bUNESCO, _c1977. |
||
| 300 | _a344 p. | ||
| 440 | 0 | _aAmérica Latina en su cultura | |
| 650 | 4 |
_aMUSICA FOLKLORICA - _zAMERICA LATINA |
|
| 650 | 4 |
_aMUSICA NACIONAL - _vDISCURSOS, ENSAYOS, CONFERENCIAS, ETC. |
|
| 700 | 1 |
_aAretz, Isabel, _ecoaut. |
|
| 905 | _aLibro | ||
| 999 |
_c2442 _d2442 |
||